Manual of Environmental Protection Laws in Pakistan/ (Record no. 613143)

000 -LEADER
fixed length control field 00370nam a22001337a 4500
082 ## - DEWEY DECIMAL CLASSIFICATION NUMBER
Classification number 344.046549
Author Mark FAR
100 ## - MAIN ENTRY--PERSONAL NAME
Personal name Faridi, Muhammad Mumtaz
245 ## - TITLE STATEMENT
Title Manual of Environmental Protection Laws in Pakistan/
Statement of responsibility, etc. Muhammad Mumtaz Faridi
260 ## - PUBLICATION, DISTRIBUTION, ETC.
Place of publication, distribution, etc. Lahore:
Name of publisher, distributor, etc. Imran Law Book House,
Date of publication, distribution, etc. 2021.
300 ## - PHYSICAL DESCRIPTION
Extent 853p. ;
563 ## - BINDING INFORMATION
Binding note HB
650 ## - SUBJECT ADDED ENTRY--TOPICAL TERM
Topical term or geographic name entry element Law
942 ## - ADDED ENTRY ELEMENTS (KOHA)
Source of classification or shelving scheme
Koha item type Book
650 ## - SUBJECT ADDED ENTRY--TOPICAL TERM
-- 35302
Holdings
Withdrawn status Lost status Source of classification or shelving scheme Damaged status Not for loan Permanent Location Current Location Date acquired Total Checkouts Full call number Barcode Date last seen Price effective from Koha item type
          NUST Law School (NLS) NUST Law School (NLS) 03/04/2025   344.046549 FAR NLS-499 03/04/2025 03/04/2025 Book
          NUST Law School (NLS) NUST Law School (NLS) 03/04/2025   344.046549 FAR NLS-500 03/04/2025 03/04/2025 Book
          NUST Law School (NLS) NUST Law School (NLS) 03/04/2025   344.046549 FAR NLS-501 03/04/2025 03/04/2025 Book
          NUST Law School (NLS) NUST Law School (NLS) 06/28/2025   344.046549 FAR NLS-2519 06/28/2025 06/28/2025 Book
          NUST Law School (NLS) NUST Law School (NLS) 06/28/2025   344.046549 FAR NLS-2520 06/28/2025 06/28/2025 Book
          NUST Law School (NLS) NUST Law School (NLS) 06/28/2025   344.046549 FAR NLS-2521 06/28/2025 06/28/2025 Book
          NUST Law School (NLS) NUST Law School (NLS) 06/28/2025   344.046549 FAR NLS-2743 06/28/2025 06/28/2025 Book
          NUST Law School (NLS) NUST Law School (NLS) 06/28/2025   344.046549 FAR NLS-2744 06/28/2025 06/28/2025 Book
          NUST Law School (NLS) NUST Law School (NLS) 06/28/2025   344.046549 FAR NLS-2745 06/28/2025 06/28/2025 Book
© 2023 Central Library, National University of Sciences and Technology. All Rights Reserved.